Every Block in End Dimension - Statistics

General Stats
  • This quiz has been taken 10 times
  • The average score is 6 of 12
Answer Stats
Blocks % Correct
End Stone
100%
Obsidian
89%
Bedrock
78%
Dragon Egg
56%
End Rod
44%
End Stone Brick
44%
Chorus Flower
33%
Ender Chest
33%
Purpur Block
33%
Chorus Plant
22%
End Gateway
22%
End Portal Frame
11%
No matching quizzes found
Score Distribution
Percent of People with Each Score
Percentile by Number Answered
Your Score History
You have not taken this quiz